000 00356nam a2200169Ia 4500
003 IT-RoPAU
008 120407s9999 xx 000 0 und d
040 _aIT-RoPAU
040 _cIT-RoPAU
041 _aita
100 _aJean de Fraine
245 _aVocazione ed elezione nella Bibbia
300 _c cm
490 _v1
942 _cBK
999 _c20353
_d20353